00486nam a22001337a 4500003000500000038001800005082000800023100002000031245012000051264003300171650004100204700005000245856005700295NUST aNusrat Nadeem a200 aFatima, Hamayal aOrganizational Capability to Adopt Digital Transformation and its Effect on Firm’s Performance/cHamayal Fatima,  aIslamabad:bNBS NUST.c2025. aMS- Innovation and Entrepreneurship  aSupervisor: Dr. Yasmine Muhammad Javaid Iqbal uhttp://10.250.8.41:8080/xmlui/handle/123456789/55489